Grasses and bamboos:a practical guide (Record no. 245378)

MARC details
000 -LEADER
fixed length control field 00512nam a2200217Ia 4500
008 - FIXED-LENGTH DATA ELEMENTS--GENERAL INFORMATION
fixed length control field 150909s9999 xx 000 0 und d
020 ## - INTERNATIONAL STANDARD BOOK NUMBER
International Standard Book Number 9781847733382
041 ## - LANGUAGE CODE
Language code of text/sound track or separate title English
082 ## - DEWEY DECIMAL CLASSIFICATION NUMBER
Classification number 633
082 ## - DEWEY DECIMAL CLASSIFICATION NUMBER
Item number COO/GR
100 ## - MAIN ENTRY--PERSONAL NAME
Personal name Cooke Ian
100 ## - MAIN ENTRY--PERSONAL NAME
Relator term Author
245 ## - TITLE STATEMENT
Title Grasses and bamboos:a practical guide
260 ## - PUBLICATION, DISTRIBUTION, ETC. (IMPRINT)
Place of publication, distribution, etc. London
260 ## - PUBLICATION, DISTRIBUTION, ETC. (IMPRINT)
Name of publisher, distributor, etc. New holland publishers
260 ## - PUBLICATION, DISTRIBUTION, ETC. (IMPRINT)
Date of publication, distribution, etc. 2009
300 ## - PHYSICAL DESCRIPTION
Extent 95 Pages
365 ## - TRADE PRICE
Price type code Rs 1080.92/-
650 ## - SUBJECT ADDED ENTRY--TOPICAL TERM
Topical term or geographic name as entry element Grasses and bamboos
942 ## - ADDED ENTRY ELEMENTS (KOHA)
Koha item type Books (General)
Holdings
Withdrawn status Lost status Damaged status Not for loan Home library Current library Date acquired Cost, normal purchase price Total Checkouts Full call number Barcode Date last seen Date checked out Price effective from Koha item type
        College of Agriculture, Vellanikkara College of Agriculture, Vellanikkara 03/03/2022 1080.92 1 633 COO/GR KAU-COA-31880 23/09/2019 17/08/2019 16/09/2015 Books (General)
Kerala Agricultural University Central Library
Thrissur-(Dt.), Kerala Pin:- 680656, India
Ph : (+91)(487) 2372219
E-mail: librarian@kau.in
Website: http://library.kau.in/